| 000 | 00345nam a2200121Ia 4500 | ||
|---|---|---|---|
| 008 | 160609s9999 xx 000 0 und d | ||
| 100 | _aKahveci, Murat. | ||
| 245 | _aAffective Dimensions In Chemistry Education | ||
| 245 | _cBy:Murat Kahveci | ||
| 260 | _c2015 | ||
| 650 | _xCHEMISTRY ED | ||
| 856 | _uhttp://file.ebook777.com/AffDimInCheEdu.pdf | ||
| 999 |
_c295830 _d295830 |
||